Statistics for All-NBA Third Team Players

Click here to take the quiz!

General Stats

  • This quiz has been taken 156 times
    (125 since last reset)
  • The average score is 48 of 105

Answer Stats

# SelectionsPlayer% Correct
3LeBron James
93%
1Stephen Curry
91%
2Russell Westbrook
84%
2DeAndre Jordan
80%
1James Harden
80%
5Paul George
80%
2Kobe Bryant
73%
1Baron Davis
70%
2Chris Paul
70%
1Joe Johnson
70%
1Kevin Johnson
70%
3Dwyane Wade
66%
1John Wall
66%
2Kevin Garnett
66%
2Klay Thompson
66%
2Kyrie Irving
66%
3Paul Pierce
66%
2Scottie Pippen
66%
4Shaquille O'Neal
66%
2Tim Duncan
66%
2Damian Lillard
64%
2Pau Gasol
64%
1Bradley Beal
61%
1Charles Barkley
61%
1De'Aaron Fox
61%
1DeMar DeRozan
61%
1Domantas Sabonis
61%
1Draymond Green
61%
3Hakeem Olajuwon
61%
4Jimmy Butler
61%
1Ray Allen
61%
1Allen Iverson
59%
1Kyle Lowry
59%
2Manu Ginobili
59%
2Steve Nash
59%
1Tony Parker
59%
2Tracy McGrady
59%
4Carmelo Anthony
57%
1Trae Young
57%
2Blake Griffin
55%
4David Robinson
55%
2Dwight Howard
55%
1Jayson Tatum
55%
2Jermaine O'Neal
55%
1Juwan Howard
55%
2Karl-Anthony Towns
55%
1Karl Malone
55%
3Rudy Gobert
55%
1Vince Carter
55%
2Ben Wallace
52%
2Chauncey Billups
52%
3John Stockton
50%
1Penny Hardaway
50%
1Rajon Rondo
50%
3Reggie Miller
50%
1Tim Hardaway
50%
2Clyde Drexler
48%
3Dirk Nowitzki
48%
2Dennis Rodman
45%
2Gary Payton
45%
3LaMarcus Aldridge
43%
1Chris Mullin
41%
2Dominique Wilkins
41%
1Julius Randle
41%
3Yao Ming
41%
1Al Horford
36%
1Kemba Walker
36%
1Pascal Siakam
36%
3Mark Price
34%
1Andre Drummond
32%
1Ben Simmons
32%
1Chris Webber
32%
2Dikembe Mutombo
30%
2Mitch Richmond
30%
1Victor Oladipo
30%
1Zach Randolph
30%
1Brandon Roy
27%
2Joe Dumars
27%
1Al Jefferson
25%
1Eddie Jones
25%
2James Worthy
25%
1Robert Parish
25%
2Shawn Marion
25%
1Tyson Chandler
25%
2Gilbert Arenas
23%
1Glen Rice
23%
1Carlos Boozer
20%
1Michael Redd
20%
1Ron Artest
20%
1David Lee
18%
2Stephon Marbury
18%
1Andrew Bogut
16%
1Bernard King
16%
2Derrick Coleman
16%
1Goran Dragic
16%
1Brad Daugherty
14%
1Dale Ellis
14%
1Jamal Mashburn
14%
1Terry Cummings
14%
1Detlef Schrempf
11%
1Kevin Willis
11%
1Vin Baker
11%
1Anthony Mason
9%
1Antonio McDyess
7%
1Drazen Petrovic
7%

Score Distribution

Percentile by Number Answered

Percent of People with Each Score

Your Score History

You have not taken this quiz since the last reset